| 000 | 00397nam a2200157Ia 4500 | ||
|---|---|---|---|
| 005 | 20250423100759.0 | ||
| 008 | 250422s9999 xx 000 0 und d | ||
| 020 | _a0- 8155- 0560- 4 | ||
| 050 | _aTD794.5.J32/ | ||
| 100 | _aF. R. Jackson | ||
| 245 | 0 | _aRecycling and reclaiming of municipal solid wastes | |
| 260 | _bNoyes data corporation | ||
| 260 | _c1975 | ||
| 300 | _a342 p | ||
| 942 | _cBK | ||
| 999 |
_c34316 _d34316 |
||